Statistics for Pokémon Characters in Smash Ultimate Quiz

Click here to take the quiz!

General Stats

  • This quiz has been taken 36 times
  • The average score is 9 of 11

Answer Stats

#Character% Correct
41Lucario
92%
24Mewtwo
92%
8Pikachu
92%
35Charizard
88%
50Greninja
88%
33Squirtle
88%
34Ivysaur
84%
12Jigglypuff
84%
19Pichu
84%
69Incineroar
76%
33-35Pokémon Trainer
72%

Score Distribution

Percentile by Number Answered

Percent of People with Each Score

Your Score History

You have not taken this quiz